Loading...
| Fine Arts - Classical Music | 4 | 5.00 | 50% | 0% | 0% |
| Fine Arts - Other | 2 | 5.00 | 50% | 0% | 0% |
| Fine Arts - Painting and Sculpture | 2 | 15.00 | 100% | 50% | 0% |
| Geography | 1 | 20.00 | 100% | 0% | 100% |
| History - American | 3 | 13.33 | 100% | 33% | 0% |
| History - European | 3 | 13.33 | 100% | 33% | 0% |
| History - Other | 4 | 10.00 | 50% | 25% | 25% |
| History - World | 2 | 5.00 | 50% | 0% | 0% |
| Literature - American | 4 | 7.50 | 75% | 0% | 0% |
| Literature - British | 1 | 0.00 | 0% | 0% | 0% |
| Literature - European | 2 | 10.00 | 100% | 0% | 0% |
| Literature - World | 1 | 0.00 | 0% | 0% | 0% |
| Mythology | 3 | 10.00 | 67% | 33% | 0% |
| Philosophy | 2 | 0.00 | 0% | 0% | 0% |
| Religion | 4 | 22.50 | 100% | 75% | 50% |
| Science - Biology | 4 | 5.00 | 50% | 0% | 0% |
| Science - Chemistry | 2 | 0.00 | 0% | 0% | 0% |
| Science - Other | 4 | 12.50 | 100% | 25% | 0% |
| Science - Physics | 7 | 10.00 | 100% | 0% | 0% |
| Social Science | 4 | 10.00 | 75% | 0% | 25% |